Statistics for Countries Of Origin By Foods

Click here to take the quiz!

General Stats

  • This quiz has been taken 87 times
  • The average score is 7 of 10

Answer Stats

foodCountry of origin% Correct
PaellaSpain
95%
MacaronsFrance
94%
PoutineCanada
90%
RamenJapan
88%
ApfelstrudelAustria
79%
SpanakopitaGreece
74%
Moules FritesBelgium
73%
Steak and Kidney PieEngland
60%
PudimBrazil
18%
Squeaky CheeseFinland
13%

Score Distribution

Percentile by Number Answered

Percent of People with Each Score

Your Score History

You have not taken this quiz